000 00872cam a22002532 4500
001 0000006122
005 20151021151109.0
008 070920s xx 000 0 eng d
020 _a9780852554425 :
_cKES 1,000
040 _aKABU
_cKABU
245 1 0 _aPublic and Private universities in Kenya :
_bnew challenges, issues and achievements /
_cKilemi Mwiria ...[et al.]
260 _aOxford :
_bJames Currey,
_c2007.
300 _axviii, 204 p.
650 0 _aUniversities and colleges
_zKenya.
_@0000157503
700 1 _a Mwiria, Kilemi.
_@0000157504
700 1 _aNgethe, Njuguna.
_@0000157505
700 1 _aNgome, Charles.
_@0000157506
700 1 _aOuma-Odero, Douglas.
_@0000157507
700 1 _aNawire, V.
_@0000157508
700 1 _aWesonga, Daniel.
_@0000157509
908 _a070920
950 _@1
999 _c630
_d630